| 000 | 01187nam a22003375a 4500 | ||
|---|---|---|---|
| 003 | EG-ScBUE | ||
| 005 | 20220123102404.0 | ||
| 008 | 120502s2012 kyua f 000 1 eng d | ||
| 020 | _a1456407872 | ||
| 020 | _a9781456407872 | ||
| 040 |
_aEG-ScBUE _beng _erda _cEG-ScBUE _dEG-ScBUE |
||
| 082 | 0 | 4 |
_222 _a823.8 _bDIC |
| 100 | 1 |
_a Dickens, Charles, _d1812-1870, _eauthor. _97486 |
|
| 245 | 1 | 0 |
_aA Christmas Carol / _bCharles Dickens. |
| 264 | 1 |
_aLexington, KY : _bSoho Books, _c2012. |
|
| 300 |
_a108 pages : _billustrations (some color) ; _c21 cm |
||
| 336 |
_2rdacontent _atext _btxt |
||
| 337 |
_2rdamedia _aunmediated _bn |
||
| 338 |
_2rdacarrier _avolume _bnc |
||
| 520 | _aThrough the intervention of four ghosts, Ebenezer Scrooge is shown the spirit of Christmas. | ||
| 590 | _amustafa galal. | ||
| 650 | 7 |
_929761 _aPoor families _vFiction. _2BUEsh |
|
| 650 | 7 |
_929762 _aSick children _vFiction. _2BUEsh |
|
| 650 | 7 |
_929763 _aMisers _vFiction. _2BUEsh |
|
| 650 | 7 |
_929764 _aChristmas _vFiction. _2BUEsh |
|
| 650 | 7 |
_929769 _aGhosts _vFiction. _2BUEsh |
|
| 651 | 7 |
_922835 _aEngland _vFiction. _2BUEsh |
|
| 653 |
_cAugust2015 _bHHUUEENN |
||
| 655 |
_vReading book _934232 |
||
| 942 |
_2ddc _cBB |
||
| 999 |
_c16698 _d16698 |
||